Memorias del Congreso de Estudios de la Ciudad CIVITIC 2017. volumen 3, Patrimonio /

Bibliographic Details
Corporate Author: Congreso de Estudios de la Ciudad CIVITIC 2017 Cuenca, Ecuador
Other Authors: Hermida, Carla (Editor)
Format: Electronic Conference Proceeding eBook
Language:Spanish
Published: Cuenca, Ecuador : Universidad del Azuay, Casa Editora, [2018]
Subjects:
Online Access:Digitalia Hispánica

MARC

LEADER 00000nam a2200000Ii 4500
001 DIGUAZUAY0042
003 NyNyDIG
006 m o d
007 cr |||||||||||
008 251104s2018 ec abo ob 100 0 spa d
035 |a (OCoLC)1548426775 
040 |a DGITA  |b eng  |e rda  |e pn  |c DGITA 
020 |a 9789942778437  |q eBook 
020 |z 9789942778420 
043 |a s-ec--- 
050 1 4 |a NA887.Q57 ebook 
111 2 |a Congreso de Estudios de la Ciudad CIVITIC 2017  |d (2017 :  |c Cuenca, Ecuador) 
245 1 0 |a Memorias del Congreso de Estudios de la Ciudad CIVITIC 2017.  |n volumen 3,  |p Patrimonio /  |c Carla Hermida, compilador-coordinador. 
246 3 0 |a Patrimonio 
264 1 |a Cuenca, Ecuador :  |b Universidad del Azuay, Casa Editora,  |c [2018] 
300 |a 1 online resource :  |b illustrations, maps, photographs. 
336 |a text  |b txt  |2 rdacontent 
337 |a computer  |b c  |2 rdamedia 
338 |a online resource  |b cr  |2 rdacarrier 
347 |a text file  |2 rdaft 
347 |b PDF 
504 |a Includes bibliographical references. 
588 0 |a Online resource; title from PDF title page (Digitalia, viewed November 4, 2025) 
650 0 |a Architecture, Modern  |z Ecuador. 
650 0 |a Cultural property  |z Ecuador. 
700 1 |a Hermida, Carla,  |e editor. 
791 2 |a Digitalia (Firm),  |e distributor. 
793 0 |g Digitalia eBook Collection:  |a Universidad del Azuay 
776 0 8 |i Print version:  |a Congreso de Estudios de la Ciudad CIVITIC 2017 (2017 : Cuenca, Ecuador).  |t Memorias del Congreso de Estudios de la Ciudad CIVITIC 2017. Volumen 3, Patrimonio.  |d Cuenca, Ecuador : Universidad del Azuay, Casa Editora, [2018]  |z 9789942778420 
856 4 0 |3 Digitalia Hispánica  |u https://www.digitaliapublishing.com/a/133425/ 
910 |a Premium collection: 2025